| LEADER |
01008nam0a2200229 450 |
| 001 |
16832669 |
| 010 |
|
|
|a 978-2-7470-3190-5
|b br.
|d 5,2
|
| 100 |
|
|
|a 20131230d2026 u u0frey01 ba
|
| 101 |
1 |
|
|a fre
|c fre
|
| 102 |
|
|
|a FR
|
| 200 |
0 |
|
|a Lili et le peigne en perles
|f Jenny Oldfield
|g traduit de l'anglais (Grande-Bretagne) par Natalie Beunat
|
| 207 |
|
1 |
|a
|
| 210 |
|
|
|a Paris
|c Bayard Jeunesse
|d DL 2013
|
| 215 |
|
|
|a 1 vol. (120 p.)
|c ill., couv. ill. en coul.
|d 18 cm
|
| 225 |
1 |
|
|a (Le )coffre magique
|v 7
|
| 330 |
|
|
|a Lili devenue Blanche-Neige a été empoisonnée par son affreuse belle-mère, la reine Séréna. Profitant du banquet que cette dernière organise, les nains vont tenter de s'échapper pour rejoindre leur amie...
|
| 461 |
|
0 |
|t (Le )coffre magique
|v 7
|
| 700 |
|
0 |
|a Oldfield
|b Jenny
|f 1949-....
|4 70
|
| 702 |
|
0 |
|a Beunat
|b Natalie
|f 1960-....
|4 730
|
| 900 |
|
|
|a Roman (enfants)
|
| 901 |
|
|
|a Jeunesse
|
| 995 |
|
|
|a Médiathèque
|c Médiathèque
|f 089013016
|h 089013016
|k E OLD T.7
|o p
|q j
|r az
|e Médiathèque
|